| 000 | 00388nam a2200169Ia 4500 | ||
|---|---|---|---|
| 003 | OSt | ||
| 005 | 20250225151131.0 | ||
| 008 | 170619s9999 xx 000 0 und d | ||
| 020 | _ano | ||
| 040 | _ciimt eng college | ||
| 100 | _aMalvino | ||
| 245 | 0 | _aElectronic principles and basic electronics | |
| 260 | _bNew Delhi:TMH | ||
| 260 | _c2000 | ||
| 546 | _aENGLISH | ||
| 942 |
_2ddc _c02 |
||
| 999 |
_c16116 _d16116 |
||